000 00167 a2200085 4500
041 _aspa
100 _aanonimo
245 _aRevista del patrimonio Nacional
942 _cBK
999 _c10025
_d10025